000 003070000a22001570004500
003 MACL
040 _aMACL
090 _c46207
_d46205
100 _aDe, Shobhaa
245 _aSecond Thoughts
260 _bPenguin Books
350 _a300
650 _aFiction
942 _cBOOK
_k823
951 _o823 BOOK
999 _c45727
_d45727